Géographie - Statistiques

Statistiques générales
  • Ce quiz a été pris 11 fois
    4 depuis la dernière actualisation
  • Le résultat moyen est 124 sur 223
Statistiques - réponses
Catégories Indices Réponses % Correct
La ville la plus peuplée de Côte d'Ivoire. Abidjan
100%
Nom que des auteurs de l'Antiquité, comme Pline l'Ancien, ont forgé pour désigner l'Angleterre, peut-être en raison de la blancheur des falaises crayeuses de Douvres. Le mot est issu du latin, albus, qui signifie blanc. Albion
100%
Mot maldivien qui désigne une île corallienne entourant un lagon. Atoll
100%
Échancrure du littoral mais aussi de la berge d'un lac. Elle est moins grande que le précédent et moins profonde qu'une rade. Baie
100%
Habitant musulman de la Bosnie. Bosniaque
100%
Nom donné aux régions du Luxembourg mais aussi de Suisse. Canton
100%
Cap situé à l’extrémité sud d'une l'île, dans la partie chilienne de l’archipel cité plus haut. Ce point est généralement considéré comme étant le plus austral de l’Amérique du Sud. Cap Horn
100%
Chaîne de montagnes qui encercle partiellement la grande plaine hongroise. Carpates
100%
Ville antique de Tunisie contre laquelle Rome a remporté les guerres puniques. Didon est la fondatrice légendaire de celle-ci. Carthage
100%
Sommet suisse emblématique de la chaîne de montagne des Alpes. L'une des montagnes les plus difficiles à escalader au monde. Elle apparaît sur les Toblerone. Cervin
100%
Ville autonome espagnole (exclave) située sur la côte nord de l'Afrique, frontalière avec le Maroc. Ceuta
100%
Feuille à mâcher, très importante dans la culture bolivienne, qui servirait à contrer les effets de l'altitude mais qui est aussi à la base de drogues dures. Coca
100%
Capitale économique et la plus grande ville du Bénin avec 1 228 667 habitants. Cotonou
100%
Cres et Krk sont les deux plus grandes îles de ce pays. Croatie
100%
Citez un fleuve d'Ukraine. Dniepr/Dniestr
100%
Nom d'une rivière de la République démocratique du Congo qui donnera son nom à un virus. Ebola
100%
L'un des plus grands lacs d'Amérique du Nord (5/6) Érié
100%
Ancienne vallée glaciaire envahie par les eaux marines (surtout en Scandinavie, en Écosse, au Chili). Fjord
100%
Pays enclavé dans le Sénégal, un des plus petits pays d’Afrique. Gambie
100%
Gardien de troupeaux en Amérique du Sud de climat tempéré. Gaucho
100%
Pays où l'on produit du vin depuis plus de 8000 ans, la faisant traditionnellement fermenter dans des pots en argile. Géorgie
100%
Base navale américaine à Cuba. Guantánamo
100%
Îles appartenant à l'Équateur. On y trouve les tortues éponymes. Charles Darwin a visité ces îles à bord du HMS Beagle. Îles Galapagos
100%
Étroite bande de terre, entre deux mers ou deux golfes, qui réunit deux grandes étendues de terre. Isthme
100%
Désert à cheval sur le Botswana, la Namibie et l'Afrique du Sud. Kalahari
100%
Capitale la plus haute du monde (3630 mètres). La Paz
100%
Pont qui relie la Vieille Ville de Prague au pied du château de Prague. Sa construction remonte au XIVe siècle. Il doit son nom à un empereur du Saint-Empire. Le pont Charles
100%
Les Jeux olympiques d'hiver de 1994 ont lieu dans cette ville norvégienne. Ce sont les premiers Jeux d'hiver qui ne se déroulent pas la même année que les Jeux d'été. Lillehammer
100%
Seul pays grand-duché, c'est-à-dire pays dirigé par un grand-duc. Le grand-duc actuel est Henri. Luxembourg
100%
Lignes imaginaires verticales qui rejoignent les deux pôles du globe. Ils permettent de situer un point sur le globe par rapport à l’Est ou à Ouest. Méridiens
100%
Massif de la province du Cap-Occidental en Afrique du Sud, qui surplombe la ville du Cap. Elle fait partie des sept merveilles de la nature. Montagne de la Table
100%
Mont du Dakota du Sud qui a été sculpté par l’Américain Gutzon Borglum, admirateur d’Auguste Rodin. Mont Rushmore
100%
L'un des plus grands lacs d'Amérique du Nord (2/6) Ontario
100%
Le mot veut dire « plaine » dans la langue quechua. C'est un milieu naturel composé de vastes étendues d'herbes (où dominent les graminées), elle est presque dépourvue d’arbres sauf le long des cours d'eau. Pampa
100%
Type de chapeau originaire de l'Équateur, quoique nommé d'après un autre pays. Panama
100%
La région tire son nom d'une tribu mythique de géants Sud-Amérindiens (3 mètres ou plus) que Magellan prétendit avoir vu lors de son voyage autour du monde. Elle est séparée entre l'Argentine et le Chili par la cordillère des Andes. Patagonie
100%
Étendue artificielle de terre gagnée sur l'eau, aménagée avec des digues. Polder
100%
L'oiseau symbole du Guatemala et nom de sa monnaie. Quetzal
100%
Expression fruitée désignant un pays instable et corrompu, exploité par des compagnies agricoles. Cette expression fut créée en 1904 pour désigner le Honduras. République Bananière
100%
Surnommé "le pays des mille collines". Rwanda
100%
Terme désignant la frontière sud semi-aride de ce désert, ce qui inclut le sud du Niger. Sahel
100%
Ville ukrainienne dont le siège de 1854-1855 vit s'opposer les Français, Britanniques, Ottomans et Piémontais aux Russes et où Mac-Mahon aurait affirmé "J'y suis, j'y reste." Sébastopol
100%
Général indépendantiste qui a donné son nom à la devise monétaire du Vénézuela. Simón Bolívar
100%
Grande prairie formée de végétaux (étendues d’herbes dépourvues d’arbres), et correspondant à des zones climatiques allant de tempérées à tropicales, souvent situées dans des régions intermédiaires entre les déserts et les forêts. L'herbe est en touffes très espacées laissant le sol à nu entre elles. Steppe
100%
L'un des plus grands lacs d'Amérique du Nord (6/6) Supérieur
100%
Nom donné à la forêt boréale essentiellement située dans l’hémisphère Nord. Elle s’étend de la Sibérie orientale à l’ouest de l’Alaska, en occupant une grande partie des pays du Cap Nord (pays scandinaves). Le sol caractéristique est le podzol, sol lessivé acide. Taïga
100%
République située dans la partie centrale du Caucase du Nord russe (Ciscaucasie). Environ 35 % du territoire est constitué de hautes montagnes escarpées. Elle touche la Géorgie. Tchétchénie
100%
Lac bolivien célèbre. Titicaca
100%
Ville importante du Mali médiéval, surnommée « la ville aux 333 saints ». Tombouctou/Timbuktu
100%
Grande ville portuaire du Chili qui peut se traduire par "vallée du paradis". Valparaiso
100%
Le Belize se situe sur la péninsule du... Yucatan
100%
Accords signés dans l'Ohio et qui ont mis fin à la guerre de Bosnie en 1995. Accords de Dayton
67%
Fleuve canalisé néerlandais. Il donne, entre autres et en partie, son nom à la ville d'Amsterdam. Amstel
67%
L'un des canyons en fente les plus connus et les plus photographiés du Sud-Ouest des États-Unis. Antelope Canyon
67%
Citez une des langues officielles de Bolivie (les plus connues). Aymara/Guarani
67%
Sur l'île de Big Major Cay située dans cet État, il est possible de nager avec des cochons (pourtant terrestres) ! Bahamas
67%
Les régions qui subdivisent cet État sont appelées Paroisses. Barbade
67%
La ville la plus peuplée du pays de Guinée Équatoriale qui partage son nom avec une entreprise tchèque qui vend des chaussures. Bata
67%
État sécessionniste d'Afrique de l'Ouest situé dans la partie sud-est du Nigeria, la plus riche en réserves de pétrole. Le nom vient du golfe situé au sud, sur la côte atlantique. Biafra
67%
Ce parc national est situé dans le Sud de l'Utah. Il est renommé pour ses formations géologiques composées de roches colorées aux formes coniques et âgées de dizaines de millions d'années. Bryce Canyon
67%
L’ancienne capitale du Burundi jusqu’en 2019 et la ville la plus peuplée du pays. Bujumbura
67%
Région de Turquie qui ressemble à la surface de la lune. Les formations volcaniques géantes ont été érodées par le temps et la pluie. Cappadoce
67%
Région historique et naturelle du Sénégal découverte par le navigateur portugais Dinis Dias située au sud du pays et bordant le fleuve du même nom. Casamance
67%
Elles sont composées de 275 chutes d'eau à la frontière de l'Argentine et du Brésil. Chutes d'Iguazu
67%
Région du Soudan, théâtre depuis 2003 d'une guerre civile et d'un génocide. Darfour
67%
Ville de 3,5 millions d'habitants et principal port d'Afrique du Sud. C’est également le plus grand port sucrier du monde. Durban
67%
L’empereur d'Éthiopie entre 1930 et 1975. La religion Rastafari vénère cet empereur comme son « messie noir ». Haïlé Sélassié
67%
Île tropicale et une province au sud de la Chine, dont le chef-lieu est Haikou. Hainan
67%
Archipel situé au large de l'Ecosse, au nord-ouest de la Grande-Bretagne, comprenant notamment l'île Lewis et Harris et l'île de Skye. Hébrides
67%
Elle est moins célèbre, moins vaste, et moins visitée que sa voisine Pompéi. Pourtant, de toutes les cités ensevelies par l'éruption du Vésuve, c'est la mieux préservée. Herculanum
67%
Citez une des quatre îles principales du Japon. Hokkaido/Honshu/Shikoku/Kyushu
67%
L'un des plus grands lacs d'Amérique du Nord (1/6) Huron
67%
C’est la plus grande île canadienne. Île de Baffin
67%
C’est à la fois une île de l'océan Atlantique nord située dans la baie de Dakar et l'une des 19 communes d'arrondissement de la capitale du Sénégal. C'est un lieu symbolique de la mémoire de la traite négrière en Afrique. Île de Gorée
67%
Îles faisant parties de l'archipel précédent. C'est la seule île habitée de l'archipel. Îles du Spitzberg
67%
C’est le premier pays à avoir élu une femme à la tête de la Présidence la république. Islande
67%
Exclave de la Russie qui constitue sa frontière avec la Lituanie. Elle touche la Pologne et la mer Baltique. Kaliningrad
67%
Péninsule volcanique de 1 380 km de long située en Extrême-Orient russe qui s'avance dans l'océan Pacifique (tout au nord du Japon). Une partie de la série Stranger Things s'y déroule. Kamtchatka
67%
L'ancienne capitale du Pakistan. Karachi
67%
Construction inventée par l'architecte Frank Gehry et construite en 1996 à Prague. La Maison dansante
67%
La langue officielle de l'Éthiopie. L’Amharique
67%
C’est dans cette île du Japon, que l'on trouve la plus longue espérance de vie ainsi que le plus grand nombre de centenaires à l'échelle de la planète. L'archipel d'Okinawa
67%
Nom donné à l'archipel qui se trouve à l'extrême sud du continent sud-américain. Divisé entre l'Argentine et le Chili. La Terre de Feu
67%
Classé au patrimoine mondial de l'Unesco depuis 1996, ce château se trouve à Hietzing, à l'ouest du centre-ville de Vienne. Les jardins contiennent des arcs de triomphe de jardin. En 1961 eut lieu la rencontre légendaire entre les présidents Kennedy et Khrouchtchev. Le château de Schönbrunn
67%
Plus haut sommet d'Afrique, derrière le Kilimandjaro. Il se situe au centre du Kenya, juste au sud de l'équateur. Le mont Kenya
67%
Europe C’est l'ancien palais d'été du roi de Prusse Frédéric II (dit Frédéric le Grand). Il est situé à Potsdam. Il fut bâti entre 1745 et 1747 par l'architecte Georg Wenzeslaus von Knobelsdorff dans un style issu du rococo. Le palais de Sanssouci
67%
Palais d'Istanbul. De 1465 à 1853, il est la résidence de ville, principale et officielle, du sultan ottoman. Le palais Topkapi
67%
Pont qui relie Malmo (Suède) à Copenhague (Danemark), du nom du détroit. Le Pont de l'Øresund
67%
Boulevard à Vienne construit sur le tracé de l'ancienne enceinte de la ville, qui encercle le centre historique (Innere Stadt). Le Ring
67%
Célèbre danse inventée au Trinité-et-Tobago où il faut descendre très bas dessous un bâton. Limbo
67%
Orient arabe, dont les limites géographiques ne sont pas définies avec précision. Comprend généralement l'Irak, la Syrie, le Liban, la Jordanie, Israël, la Palestine et le Koweït. Machrek
67%
Ce pays est surnommé l’île Rouge en référence à la latérite (très riche en oxyde de fer et alumine, formée sous climat tropical) qui colore ses plateaux. Madagascar
67%
Ville indienne, son autre nom est Chennai. Madras
67%
Vaste territoire au nord-est de l'Asie, dont la plus vaste extension se situe au nord-est de la Chine, et à l'est de la Russie sur l'océan Pacifique. Mandchourie
67%
Deuxième ville la plus peuplée de Slovénie, notamment connue pour son club de football. Maribor
67%
La boisson préférée du Paraguay, très bonne pour la santé avec ses herbes fraîchement coupées. Maté
67%
Fleuve majeur de Thaïlande situé le long de la frontière orientale. Mékong
67%
L'un des plus grands lacs d'Amérique du Nord (4/6) Michigan
67%
Point culminant de Chypre. Mont Olympe
67%
Point culminant de l'Ouganda, nommé d'après un explorateur britannique. Mont Stanley
67%
Ville portugaise où des vagues peuvent atteindre la hauteur exceptionnelle de 30 mètres de haut (c'est là que se trouvait la plus haute vague jamais surfée, en 2017). Nazaré
67%
En espagnol Río Orinoco, c'est un fleuve du Venezuela. Il se jette dans l'océan Atlantique Nord par un delta de 25 000 km2. Orénoque
67%
Généralités Ils découpent le globe terrestre en tranches horizontales et permettent de situer un point sur le globe par rapport au Pôle Nord et au Pôle Sud Parallèles
67%
Ville de Jordanie surnommée la ville rose où a été creusée dans le grès il y a 2000 ans. Pétra
67%
Volcan philippin qui s'est réveillé en 1991, causant la plus grande éruption depuis 1883. Pinatubo
67%
Place égyptienne qui fut le principal théâtre des manifestations du Printemps Arabe en 2011. Place Tahrir
67%
Région côtière dans le nord-ouest de la Pologne et le nord-est de l'Allemagne. Un chien provient de cette région. Poméranie
67%
Carte marine d’origine italienne des premiers navigateurs (XIIIe-XVIe s.), parfois ornée et indiquant les vents et les ports. Portulans
67%
Station balnéaire à l'est de la République dominicaine. Punta Cana
67%
Île située au large du Cap. Elle a été utilisée pour emprisonner des prisonniers politiques noirs, notamment Nelson Mandela. Robben Island
67%
Chutes d'eau vénézueliennes les plus hautes du monde avec une hauteur de 979 mètres de haut. Salto Angel
67%
Rivière coulant jusqu'à Belgrade et qui forme la frontière nord du pays. Save
67%
Citez un des trois principaux fleuves de Slovénie. Save/Drava/Mur
67%
Ville luxembourgeoise où fut signé le traité sur la suppression du contrôle aux frontières entre pays de l'Union Européenne. Schengen
67%
C'est le plus petit pays d'Afrique. Seychelles
67%
Île au large du Yémen qui abrite des Dragonnier, arbres endémiques en voie de disparition. Socotra
67%
Nom d'un groupe d'îles, ou archipel, situé au point de rencontre de l'océan Arctique, de la mer du Groenland et de la mer de Barents, à mi-chemin entre la Norvège et le pôle Nord. Svalbard
67%
Ville de Sicile et ancienne colonie grecque antique fondée en 734 av. J.-C. Syracuse
67%
La ville la plus peuplée de ce pays est Dar es Salaam. Tanzanie
67%
Troisième pays enclavé par la superficie, derrière le Kazakhstan ainsi que la Mongolie. La capitale est N'Djamena. Tchad
67%
Ancien nom de Podgorica, la capitale du Monténégro, qui portait le nom d'un dictateur de 1946 à 1992. Titograd
67%
Climats Principalement située dans l’extrême nord de l’hémisphère Nord, mais aussi dans l’hémisphère austral (le plus au sud), au niveau de la Terre de feu (Archipel d’îles divisé entre l’Argentine et le Chili). Elle se présente comme un tapis discontinu d'herbes, de mousses, de lichens auxquels se mêlent quelques arbres nains. Toundra
67%
Versant d'une montagne le moins ensoleillé (exposé au nord dans l'hémisphère nord). Aussi appelé envers ou ombrée. Ubac
67%
Grande prairie aride d'Afrique australe, comme celle qui recouvre l'Eswatini ou l’Afrique du sud. Le mot vient du néerlandais. Veld
67%
Fleuve d’Afrique australe, le 4ᵉ du continent par la longueur, après le Nil, le Congo et le Niger. Zambèze
67%
Massif de montagnes de l'Himalaya au Népal, comprenant six principaux sommets dont le plus haut culmine à 8 091 mètres. Le nom signifie « mère de la nourriture ». Annapurna
33%
Amérique du Nord L'île de Man'o'War est très touristique et se trouve près de ce pays. Antigua-et-Barbuda
33%
Homme d'État portugais, qui est le Premier ministre du Portugal de 1932 à 1968. Arrivé au pouvoir sous la Dictature nationale (Ditadura Nacional), il la transforme en Estado Novo (« État nouveau »), un régime dictatorial et corporatiste qui dirige le Portugal de 1933 à 1974. António de Oliveira Salazar
33%
Aqueduc qui a été édifié dans la deuxième moitié du Ier ou au début du IIe siècle. Il a été construit afin d'amener l'eau de source depuis les montagnes, à 17 km, vers les fontaines, les bains publics et les maisons privées de la ville du même nom située en Espagne. Aqueduc de Ségovie
33%
Ville réputée pour être le paradis du ski, située au Colorado. Aspen
33%
L'arbre de vie pousse seul au milieu du désert de ce pays. Il a 409 ans et mesure 9 mètres de haut. Probablement le système racinaire les plus profonds de la planète. Bahreïn
33%
Afrique C’est le trou le plus grand jamais creusé par l'homme dans la mine abandonnée de diamant de Kimberly en Afrique du Sud. Big Hole
33%
Zone humide en Australie. Il est composé d'un méandre mort de cours d'eau. Billabong
33%
Deuxième lac le plus grand bouillonnant au monde (ou source chaude) situé en Dominique devant celui de Yellowstone, dû à l’activité volcanique. Boiling Lake
33%
Habitant de la Bosnie. Bosnien
33%
Genre musical trinidadien qui est joué durant le carnaval. Calypso
33%
Rivière colombienne aux cinq couleurs, la plus belle rivière du monde. Caño Cristales
33%
Ville portuaire de Colombie et la capitale du département de Bolívar. Carthagène des Indes
33%
Petite île basse principalement composée de sable et de corail. Caye/key
33%
Volcan équatorien dont le sommet est le point au sol le plus éloigné du centre de la Terre. Chimborazo
33%
Colonne rocheuse qui se dresse au-dessus de la plaine de l'ouest du Nebraska, sur la rive droite de la rivière North Platte. Elle est restée célèbre dans l'histoire de la conquête de l'Ouest. Chimney Rock
33%
Oslo, détruite par un incendie en 1624, est reconstruite par le roi danois Christian IV. En son honneur, la ville est rebaptisée ainsi. Elle ne retrouvera son ancien nom en 1925. Christania
33%
Site naturel le plus emblématique de la Zambie, partagées avec le Zimbabwe. L’explorateur écossais David Livingstone fut le premier européen à observer celles-ci. Chutes Victoria
33%
Site archéologique crétois de l'âge du bronze en Europe qui fut occupé depuis 7000 av. J.-C., situé à cinq kilomètres au sud-est d'Héraklion en Crète. Cnossos/Knossos
33%
Située en Libye, c'est une ancienne ville grecque puis romaine qui était autrefois appelée l'Athènes de l'Afrique. Le temple grec est encore plus grand que le Parthénon. Cyrène
33%
République russe fédérée. Il s'agit de la principale république de Ciscaucasie, aussi bien pour sa superficie que par sa population. Elle est située dans les montagnes du Caucase du Nord-Est. C'est la partie la plus au sud de la Russie, elle touche l'Azerbaïdjan. Daghestan
33%
Vaste plateau de l'Inde, s'étendant sur la majeure partie de l'Inde centrale et méridionale mais parfois aussi toute la péninsule indienne. Deccan
33%
Plus grande île de Tunisie. Djerba
33%
Notion géographique qui désigne l'ensemble des terres anthropisées. Elle s'oppose en ce sens à l'érème qui représente le reste de l'espace inhabité et non exploité. Écoumène
33%
Immenses dessins gravés dans le sol d'un désert péruvien qui ont plus de 2000 ans. En ôtant les cailloux du sol, la civilisation en question a fait apparaître un sol gypseux grisâtre, découpant ainsi les contours des figures qu'ils traçaient. Géoglyphes de Nazca
33%
Partie de mer ou de lac avancée dans les terres. Golfe
33%
Grotte portugaise qui a été creusée horizontalement par l'action de la mer sur la falaise. Un large trou formé par l'effondrement de la voûte au niveau du plafond permet à la lumière de pénétrer. Grotte de Benagil
33%
Citez un des deux chanteurs suivants nés à Trinité-et-Tobago : l'un est connu pour What is Love l'autre est une rappeuse qui a notamment interprété Starships et Super Bass. Haddaway/Nicki Minaj
33%
Île haïtienne qui était autrefois un bastion des pirates locaux. Île de la Tortue
33%
Archipel du nord de la Norvège. Elles se situent en mer de Norvège, au large de Bodø, près du cercle polaire. Îles Lofoten
33%
Place célèbre de Marrakech. Jemaa el-Fna
33%
La plus vieille ville de Palestine, et peut-être même du monde entier. Elle est connue pour ses murs. Jéricho
33%
Plus grande ville de Guinée aux marchés colorés où l'on trouve en vente de la noix de kola. Kankan
33%
Chapelle située dans le centre historique de la ville de Naples en Italie. Elle comprend la magnifique statue du Christ voilé, par Giuseppe Sanmartino en 1753. La chapelle Sansevero
33%
Contrairement à ce que son nom pourrait laisser penser, ce lac vénézuélien est une baie. Lac Maracaibo
33%
Nom historique du Liberia, à cause de l'épice qu'on y trouvait. La Côte du Poivre
33%
L'un des Grands Lacs d'Afrique, deuxième lac africain par la surface après le lac Victoria, le deuxième au monde par le volume et la profondeur après le lac Baïkal. Lac Tanganyika
33%
Site préhistorique riche en peintures rupestres qui se trouve en Argentine. Son intérêt est lié à la beauté, l'ancienneté et l'excellent état de conservation de ses peintures rupestres, notamment un grand nombre de mains négatives. La Cueva de las Manos/Grotte des Mains
33%
L'une des huit portes de la cité intérieure de la ville de Babylone, dans la Mésopotamie antique (Irak actuel). Elle est construite vers 569 av. J.-C. (empire néo-babylonien) sur ordre du roi Nabuchodonosor II. Cette porte est dédiée à la déesse éponyme. La porte d’Ishtar
33%
Ensemble de failles géologiques qui traversent le Burundi. La vallée du Grand Rift
33%
L'un des plus grands palais baroques de Vienne. Le Traité d'État autrichien, par lequel l'Autriche retrouvait son indépendance après la Seconde Guerre mondiale, y fut signé. Depuis 1903, il héberge un musée, notamment la collection Gustav Klimt. Le palais du Belvédère
33%
Zone semi-désertique d'une superficie de 39 200 ha situés en Espagne, au sud-est de la Navarre. L'érosion y a en outre façonné d'impressionnantes formations rocheuses. Des scènes de Game of Thrones y ont été tournées. Les Bardenas Reales
33%
Région volcanique située dans le golfe de Pouzzoles, au nord-ouest de Naples. Ils correspondent à l'un des supervolcans les plus actifs du monde. Le nom de cette zone vient du grec ancien φλεγραῖος, « brûlant ». Les champs Phlégréens
33%
Formation géologique du nord de la Grèce. Ils abritent des monastères chrétiens orthodoxes perchés au sommet de falaises et pitons rocheux gris, sculptés par l'érosion. Les Météores
33%
Fleuve qui forme la frontière sud du Botswana. Il traverse l'Afrique du Sud, le Zimbabwe et le Mozambique. Limpopo
33%
Ville espagnole qui présente la particularité d'être une enclave en France, dans le département des Pyrénées-Orientales. Llívia
33%
La plus grande ville d'Amazonie. Manaus
33%
Principale communauté chrétienne au Liban. Maronites
33%
Le premier roi d'Éthiopie, fils légendaire du roi Salomon et de la reine de Saba. Ménélik Ier
33%
Archipel situé dans l'Est de l'Indonésie. Ces îles productrices d'épices (le clou de girofle est originaire de là-bas) ont attiré les Européens, et principalement les Portugais dont Magellan. Moluques
33%
La deuxième ville la plus peuplée de Jamaïque. Montego Bay
33%
Océanie Point culminant du sous-continent australien avec 2 228 mètres d'altitude. Le sommet fut officiellement vaincu en 1840 par l'explorateur polonais Paweł Edmund Strzelecki qui en profita pour le nommer en l'honneur de son compatriote. Mont Kosciuszko
33%
Plus grande ville d'Herzégovine, connue pour son vieux pont inscrit à l'UNESCO. Mostar
33%
Fleuve sud-américain marquant la frontière entre la France et le Brésil. Oyapock
33%
Point culminant des Pyrénées, ce sommet culmine à 3404 mètres, au nord-est de l'Aragon (Espagne). Pic d'Aneto
33%
Les ravioles farcies typiquement polonaises. Pierogi
33%
Volcan du Mexique situé à 70 kilomètres au sud-est de Mexico, dans les États de Puebla et de Mexico. Avec 5 426 mètres d'altitude, il constitue la deuxième plus haute montagne du pays après le pic précédent. Popocatepetl
33%
Monument constituant l'entrée principale de l'acropole d'Athènes. Ils avaient pour but d'impressionner les visiteurs. Propylées
33%
Arbre national équatorien. Quinquina
33%
Autre nom de l'île de Pâques, la plus isolée du monde et qui se situe à 3540 km des côtes du Chili. Rapa Nui
33%
Région montagneuse d'Argentine riche en métaux précieux, littéralement « fleuve d'argent ». Rio de la Plata
33%
Nom du fleuve qui coule dans la capitale Hanoï. Rouge
33%
L'un des plus grands lacs d'Amérique du Nord (3/6) Saint-Laurent
33%
Désert de sel bolivien, la plus grande réserve de sel au monde. Salar d'Uyuni
33%
La ville la plus peuplée de Bolivie. Santa Cruz
33%
Région du nord du pays précédent, connue pour ses migrations de gnous, zèbres et gazelles. Les parcs nationaux contiennent plus de 4 millions d'animaux sauvages. Serengeti
33%
L'un des emblèmes nationaux de l'Argentine et de l'Uruguay. Il figure notamment sur les drapeaux de ces pays. Sol de Mayo
33%
Ancienne ville romaine, située à côté de Pompéi et touchant l'actuelle, à 16 km du Vésuve. Cette cité fut largement détruite, comme Pompéi. Elle est connue pour ses thermes romains ainsi que ses fresques. Stabies
33%
Située non loin de l’actuel Mexico sur une vaste plaine ouverte à 2200 mètres d’altitude. Teotihuacan
33%
République indépendantiste non-reconnue située au-delà du fleuve Dniestr. La capitale de cet état, techniquement la deuxième plus grande ville de Moldavie, est Tiraspol. Transnistrie
33%
Palais de style Renaissance du XVIIIe siècle au bord du Lac de Côme. Sa popularité s'est accrue depuis le tournage des scènes entre Hayden Christensen et Natalie Portman pour le film Star Wars, épisode II : L’Attaque des clones. Villa Balbianello
33%
Pays fictif dans Black Panther du Marvel Cinematic Universe qui est inspiré du Lesotho. Wakanda
33%
Désert qui se situe à une trentaine de kilomètres de la ville rouge de Marrakech, sur les premières hauteurs du massif du Haut-Atlas au Maroc. Désert d’Agafay
0%
Ville turque de 900 000 habitants, riche en histoire, en culture et en attractions modernes. Connue pour sa magnifique architecture ottomane. Eskisehir
0%
L’adobe est le matériau utilisé pour construire cette mosquée malienne (brique durcie au soleil, fabriquée à partir de terre argileuse mélangée à de la paille ou de l'herbe sèche hachée). Grande mosquée de Djenné
0%
Énorme cénote de 300 m et de 124 m de profondeur. Cousteau a déclaré que c'était le meilleur endroit pour faire de la plongée. Grand Trou Bleu
0%
Commune du nord de la Norvège, située dans le comté de Finnmark et considérée comme la ville la plus septentrionale du monde. Hammerfest
0%
Asie Fruit national du Bangladesh. Jacquier
0%
Épopée finnoise composée par le médecin et explorateur finlandais Elias Lönnrot. Elle a inspiré l’écrivain Tolkien. Kalevala
0%
Volcan indonésien qui a provoqué un hiver volcanique en 1883. Krakatoa
0%
Deuxième lac le plus salé au monde situé à Djibouti. L'eau s'évapore à cause de la chaleur extrême de la saison sèche, il reste une épaisse croûte de sel et forme la plus grande réserve de sel au monde. Lac Assal
0%
Portion du littoral de l'Inde. Elle est située dans le sud-ouest de la péninsule indienne, entre le territoire de Goa au nord et le cap Comorin au sud. La côte de Malabar
0%
Anciennement nommé lac Rudolf ou lac Rodolphe, ce lac est l'un des plus grands lacs alcalins au monde. Il est situé pour la majeure partie au Kenya. Lac Turkana
0%
Plus grand lac artificiel du monde situé au Ghana, fournit l'électricité via le barrage d'Akosombo. Lac Volta
0%
Porte fortifiée d'époque romaine située à Trèves en Allemagne. Cette porte est construite en blocs de grès qui sont assemblés sans ciment. La Porta Nigra
0%
L'archipel compte 88 îles et appartient à la Guinée-Bissau. L'archipel des Bijagos
0%
Mont du sud-ouest de la Turquie connu pour ses flammes naturelles qui jaillissent de la roche, créant un spectacle étonnant, surtout la nuit. Mont Chimère
0%
L'une des plus grandes basiliques du monde située en Côte d'Ivoire, 8000 m2 de plus que la Basilique Saint-Pierre dont elle est inspirée. Notre-Dame-de-la-Paix
0%
Commune et une ville côtière du Bénin, située à 42 kilomètres à l'ouest de la précédente. Ouidah
0%
Pic culminant à 5 675 mètres d'altitude et situé dans la cordillère Néovolcanique, il constitue le point culminant du Mexique et de cette chaîne de montagnes, mais également le plus haut volcan d'Amérique du Nord. Sa dernière éruption remonte à 1846. Pic d'Orizaba
0%
Activiste guatemaltèque des droits de l'Homme qui a reçu le prix Nobel de la Paix en 1992. Rigoberta Menchú
0%
Rivière qui forme la majorité de la frontière nord de la Colombie. San Juan
0%
Église et monastère dominicain de Milan. Le réfectoire du monastère abrite la célèbre Cène de Léonard de Vinci. Santa Maria delle Grazie
0%
Archipel situé au nord de l'Ecosse et au sud des îles Féroé. Shetland
0%
Bâtiment taïwanais qui était le plus haut du monde jusqu'en 2010. Taipei 101
0%
Désigne les hauts-plateaux typiques du Guyana ainsi que du reste de la région. Tepuy
0%
Ville antique et capitale de la civilisation Maya située aujourd'hui au Guatemala. En 1979, il a été inscrit au patrimoine mondial de l’UNESCO. Tikal
0%
Fleuve qui marque la frontière entre la Chine et la Corée du Nord. Yalu
0%
Aucun quiz correspondant
Distribution des résultats
% des personnes avec chaque résultat
Percentile par nombre de réponses
Votre historique - résultats
Vous n’avez pas pris ce quiz depuis la dernière actualisation